Statistics for Nickelback quiz 2

Click here to take the quiz!

General Stats

  • This quiz has been taken 65 times
  • The average score is 8 of 30

Answer Stats

HintAnswer% Correct
"And a bathroom i can play baseball in"Rockstar
98%
"Kim's the first girl i kissed, i was so nervous that i nearly missed"Photograph
64%
"I've been wrong, i've been down, been to the bottom of every bottle"How you remind me
56%
"We're going out tonight,to kick out every light, take anything we want, take anything in sight"Burn it to the ground
49%
"Heaven's gates won't open up for me, this broken wings i'm falling, and all i see is you"Savin' me
49%
"In God we trust or the CIA?"Edge of a Revolution
47%
"Landlord says i should buy a tent, but he can kiss my ass coz i paid the rent"This afternoon
47%
"On my knees i'll ask, last chance for one last dance"Far away
40%
"No, we're never gonna quit, ain't nothing wrong with it"Animals
38%
"Leave no stone unturned, leave your fears behind"If today was your last day
38%
"And if you can't tell, I'm scared as hell, 'Cause I can't get you on the telephone"Lullaby
31%
"As they all try coming on to her, this time somebody's getting hurt"Next contestant
31%
"They tell us everything's alright, and we just go along"When we stand together
27%
"Are you waiting on a lightening strike, are you waiting on a perfect night?"What are you waiting for
24%
"Forever i believe there's just nothing i could need but you"Never gonna be alone
22%
"We'll show the world they were wrong, and teach them all to sing along"If everyone cared
20%
"Too late, so wrong, so long"Too bad
18%
"Well, I'm tired of pretending, but I'm terrified of it ending"Don't ever let it end
16%
"All the things i've left unsaid i meant to say before you left"Miss you
16%
"I'm hating all of this, i'm hating, all of this, i'm hating, all of this, all of this"Woke up this morning
16%
"No i don't, no i don't, no i don't..."Do this anymore
9%
"It's tough to see through bullshit, when it's up above your eyes"Kiss it goodbye
9%
"So I sit here divided, just talking to myself, was it something that I did? Was there somebody else?"Trying not to love you
9%
"...everyone, have things that they hide"Believe it or not
7%
"And it's like every time i turn around, i fall in love and find my heart face down and where it lands is where it should"Feelin' way to damn good
7%
"Give me lessons on how to breathe, 'cause I think I've forgotten"Leader of men
4%
"I wish my wish was enough"Miss you
4%
"Like I need to defend my own innocence, so what I did it, I admit it, and im pleading the fifth"Flat on the floor
2%
"When shadows all start breaking free, no longer held by gravity"Million miles an hour
2%
"Take aim, a loaded gun, pull back on all who run"This means war
2%

Score Distribution

Percentile by Number Answered

Percent of People with Each Score

Your Score History

You have not taken this quiz